000 00409nam a2200145Ia 4500
003 OSt
005 20260123094841.0
008 211028s2016 xx 000 0 und d
040 _cAIMIT LIBRARY
041 _aeng
100 _aRai, Ashika S; Thomas, Babu.
_g1416022
_97445
245 _aStudy on evaluation of logistic and distribution in MCF /
260 _aMangalore
_bBabu Thomas
_c2016
942 _2ddc
_cPRO
999 _c219013
_d219013